| 000 | 00533nam a2200121Ia 4500 | ||
|---|---|---|---|
| 008 | 171212s9999 xx 000 0 und d | ||
| 020 | _a9780833076984 | ||
| 100 | _aGroves, David G.;Sharon, Christopher;Knopman, Debra | ||
| 245 |
_cGroves, David G.;Sharon, Christopher;Knopman, Debra _aPlanning Tool to Support Louisiana’s Decisionmaking on Coastal Protection and Restoration _bTechnical Description |
||
| 260 |
_bRAND Corporation _c2012 |
||
| 650 | _aEnvironmental Science | ||
| 856 | _uhttp://www.jstor.org/stable/10.7249/j.ctt1q60pc | ||
| 999 |
_c352409 _d352409 |
||